000 00713nam a22002417a 4500
003 OSt
005 20180116192411.0
008 121129t2011 xxu||||| |||| 00| 0 eng d
020 _a9789004211476
020 _a9789004224810
020 _a07322992
040 _c0
082 _a700.88297
245 0 0 _aMuqarnas:
_bAn Annual on the Visual Cultures of the Islamic World/
_cGulru Necipoglu (Editor)
_hvol.28
260 _aBoston:
_bBrill;
_c2011.
300 _a288p. :
_bill;
_c28 cm.
650 _aIslamic arts
_95991
700 1 _aNecipoglu,Gulru
_95992
700 1 _aLeal,Karen
_95993
710 1 _aGrabar,Oleg
_95994
942 _2ddc
_cBK
999 _c353562
_d353562